Workshop Budapest, Hungary, September 12-14, 1994: spatial planning and environment in Eastern Europe: the change to the market economy. (Record no. 92785)

MARC details
000 -LEADER
fixed length control field 02110cam a2200385 4500
001 - CONTROL NUMBER
control field J2744
008 - FIXED-LENGTH DATA ELEMENTS--GENERAL INFORMATION
fixed length control field 090401t1994 xxu||||| |||| 00| 0 eng d
035 ## - SYSTEM CONTROL NUMBER
System control number (Sirsi) u50974
041 ## - LANGUAGE CODE
Language code of text/sound track or separate title eng
050 ## - LIBRARY OF CONGRESS CALL NUMBER
Classification number 711.0947
110 ## - MAIN ENTRY--CORPORATE NAME
Corporate name or jurisdiction name as entry element Federation International Des Geometres
245 ## - TITLE STATEMENT
Title Workshop Budapest, Hungary, September 12-14, 1994: spatial planning and environment in Eastern Europe: the change to the market economy.
260 ## - PUBLICATION, DISTRIBUTION, ETC.
Name of publisher, distributor, etc. FIG
Date of publication, distribution, etc. 1994
300 ## - PHYSICAL DESCRIPTION
Extent 10 papers ; 30cm.
350 ## - PRICE (NR) (BK AM CF MU VM SE) [OBSOLETE]
Price 0
520 ## - SUMMARY, ETC.
Summary, etc. Papers: - The plan for projecting and developing: Vorhaben- und Erschliessungsplan = VE-Plan: a new instrument in German planning law./ MIMUS, M. - The need for a cadastre in Russia: experiences in developing a local level cadastral system for one district of St. Petersburg./ TOROPAINEN, T. - Development of urban and regional planning in Estonia./ NOPONEN, J. - The real estate market in the European Union and the influence and meaning of public private partnership in procedures of urban regeneration./ BRACKMANN, H. - Social return in Rotterdam: a connection between investments in old town parts and the employment in the surrounding area`s./ LOHMANN, P.A.G. - The practice pf planning sustainable agriculture of hilly areas demonstrated with an example of a Northern Hungarian region./ TOTH, S. - Planning the ways and methods of agricultural use of areas belong (sic) to lignite open cuts in Hungary./ TOTH, S. & PERENY, M. - Land management and spatial planning in Karelia, Russia./ NOPONE
650 ## - SUBJECT ADDED ENTRY--TOPICAL TERM
Topical term or geographic name entry element EASTERN EUROPE
650 ## - SUBJECT ADDED ENTRY--TOPICAL TERM
Topical term or geographic name entry element EUROPEAN UNION
650 ## - SUBJECT ADDED ENTRY--TOPICAL TERM
Topical term or geographic name entry element GERMANY
650 ## - SUBJECT ADDED ENTRY--TOPICAL TERM
Topical term or geographic name entry element LAND USE PLANNING
650 ## - SUBJECT ADDED ENTRY--TOPICAL TERM
Topical term or geographic name entry element NETHERLANDS
650 ## - SUBJECT ADDED ENTRY--TOPICAL TERM
Topical term or geographic name entry element PROPERTY MARKET
650 ## - SUBJECT ADDED ENTRY--TOPICAL TERM
Topical term or geographic name entry element RETAIL PARKS
650 ## - SUBJECT ADDED ENTRY--TOPICAL TERM
Topical term or geographic name entry element SLOVAK REPUBLIC
650 ## - SUBJECT ADDED ENTRY--TOPICAL TERM
Topical term or geographic name entry element SPATIAL PLANNING
650 ## - SUBJECT ADDED ENTRY--TOPICAL TERM
Topical term or geographic name entry element ST PETERSBURG
650 ## - SUBJECT ADDED ENTRY--TOPICAL TERM
Topical term or geographic name entry element SUSTAINABLE AGRICULTURE
650 ## - SUBJECT ADDED ENTRY--TOPICAL TERM
Topical term or geographic name entry element URBAN REGENERATION
650 ## - SUBJECT ADDED ENTRY--TOPICAL TERM
Topical term or geographic name entry element VE-PLAN
650 ## - SUBJECT ADDED ENTRY--TOPICAL TERM
Topical term or geographic name entry element VORHABEN-UND ERSCHLIESSUNGSPLAN
690 ## - LOCAL SUBJECT ADDED ENTRY--TOPICAL TERM (OCLC, RLIN)
Topical term or geographic name as entry element OVERSEAS-EUROPE
710 ## - ADDED ENTRY--CORPORATE NAME
Corporate name or jurisdiction name as entry element Hungarian Society of SurveyingMapping and Remote Sensing
9 (RLIN) 1786
942 ## - ADDED ENTRY ELEMENTS (KOHA)
Suppress in OPAC 0
948 ## - LOCAL PROCESSING INFORMATION (OCLC); SERIES PART DESIGNATOR (RLIN)
c (OCLC) 04/03/1997
Holdings
Withdrawn status Lost status Source of classification or shelving scheme Damaged status Not for loan Home library Current library Shelving location Date acquired Total Checkouts Full call number Barcode Date last seen Copy number Price effective from Koha item type
    Dewey Decimal Classification     London London Basement 19/01/1995   SHELF 327 (PAMPHLET) 30044758 06/08/2019 1 06/08/2019 Reference material